[Event "13. Hogeschool Zeeland Tournament"]
[Site "Vlissingen NED"]
[Date "2009.08.05"]
[Round "6.39"]
[White "Lacrosse, Marc"]
[Black "Van Cappellen, Jonas"]
[Result "1-0"]
[WhiteElo "2184"]
[BlackElo "2002"]
[PlyCount "47"]
[EventDate "2009.08.01"]
[EventType "swiss"]
[EventRounds "9"]
[EventCountry "NED"]
[Source "lmi"]
[SourceDate "2009.08.01"]

1. d4 e6 2. c4 Nf6 3. Nf3 d5 4. Bg5 Be7 5. e3 O-O 6. Nc3 c6 7. cxd5 exd5 8. Qc2
Nbd7 9. Bd3 Re8 10. O-O Nf8 11. Rab1 a5 12. a3 Ne4 13. Bf4 g5 14. Bg3 h5 15. h3
Nxg3 16. fxg3 Bd6 17. Qf2 Qc7 18. Nxg5 Bxg3 19. Qf3 f6 20. Qxf6 Qe7 21. Bh7+
Nxh7 22. Qg6+ Qg7 23. Qxe8+ Nf8 24. Rf7 1-0

[Event "13. Hogeschool Zeeland Tournament"]
[Site "Vlissingen NED"]
[Date "2009.08.05"]
[Round "6.40"]
[White "Bielderman, Guy"]
[Black "Admiraal, Miguoel"]
[Result "1-0"]
[WhiteElo "2015"]
[BlackElo "2173"]
[PlyCount "45"]
[EventDate "2009.08.01"]
[EventType "swiss"]
[EventRounds "9"]
[EventCountry "NED"]
[Source "lmi"]
[SourceDate "2009.08.01"]

1. e4 c5 2. Nc3 Nc6 3. f4 g6 4. Nf3 Bg7 5. Bb5 Nd4 6. O-O Nxb5 7. Nxb5 d5 8.
exd5 a6 9. Nc3 Nf6 10. d4 Nxd5 11. dxc5 Nxc3 12. Qxd8+ Kxd8 13. bxc3 Bxc3 14.
Rb1 Kc7 15. Rb3 Bg7 16. Bd2 Be6 17. Ba5+ Kc8 18. Rb6 Bd5 19. Rd1 e6 20. Rd6 b5
21. cxb6 Bf8 22. b7+ Kxb7 23. Rb1+ 1-0

[Event "13. Hogeschool Zeeland Tournament"]
[Site "Vlissingen NED"]
[Date "2009.08.05"]
[Round "6.41"]
[White "Zilverberg, Jasper"]
[Black "Van der Linde, Maurits"]
[Result "0-1"]
[WhiteElo "2015"]
[BlackElo "2171"]
[PlyCount "62"]
[EventDate "2009.08.01"]
[EventType "swiss"]
[EventRounds "9"]
[EventCountry "NED"]
[Source "lmi"]
[SourceDate "2009.08.01"]

1. c4 e5 2. g3 Nf6 3. Bg2 d5 4. cxd5 Nxd5 5. Nf3 Nc6 6. O-O Be7 7. d4 exd4 8.
Nxd4 Nxd4 9. Qxd4 Nf6 10. Qa4+ Qd7 11. Qc2 c6 12. a3 O-O 13. b4 a5 14. Bb2 axb4
15. axb4 Rxa1 16. Bxa1 Qf5 17. Qxf5 Bxf5 18. Bc3 Ne4 19. Bxe4 Bxe4 20. Nd2 Bd5
21. e4 Be6 22. Ra1 Rd8 23. Ra7 Rd3 24. Ra8+ Bf8 25. Nb1 f5 26. Kg2 fxe4 27. Rb8
Ba2 28. b5 c5 29. Rxb7 Bxb1 30. Be5 e3 31. fxe3 Rxe3 0-1

[Event "13. Hogeschool Zeeland Tournament"]
[Site "Vlissingen NED"]
[Date "2009.08.05"]
[Round "6.42"]
[White "Koelmans, Jan Willem"]
[Black "Riemens, Albert"]
[Result "1/2-1/2"]
[WhiteElo "2008"]
[BlackElo "2156"]
[PlyCount "26"]
[EventDate "2009.08.01"]
[EventType "swiss"]
[EventRounds "9"]
[EventCountry "NED"]
[Source "lmi"]
[SourceDate "2009.08.01"]

1. d4 d6 2. c4 g6 3. Nc3 Bg7 4. e4 a6 5. Nf3 e6 6. Bd3 Nd7 7. O-O Ne7 8. Bg5 h6
9. Be3 O-O 10. Qd2 Kh7 11. h4 Nf6 12. Rad1 Ng4 13. Bf4 e5 1/2-1/2

[Event "13. Hogeschool Zeeland Tournament"]
[Site "Vlissingen NED"]
[Date "2009.08.05"]
[Round "6.43"]
[White "Kahleys, Kevin"]
[Black "Ten Hagen, Yorick"]
[Result "1-0"]
[WhiteElo "1986"]
[BlackElo "2150"]
[PlyCount "107"]
[EventDate "2009.08.01"]
[EventType "swiss"]
[EventRounds "9"]
[EventCountry "NED"]
[Source "lmi"]
[SourceDate "2009.08.01"]

1. Nf3 Nf6 2. c4 g6 3. g3 Bg7 4. Bg2 O-O 5. O-O d5 6. cxd5 Nxd5 7. Nc3 Nc6 8.
d4 Nb6 9. d5 Nb4 10. e4 e6 11. Qb3 Na6 12. Be3 exd5 13. Rfd1 Qe7 14. exd5 Bg4
15. h3 Bd7 16. Rac1 Rfe8 17. d6 cxd6 18. Bxb6 axb6 19. Nd5 Qe2 20. Ng5 Qxb2 21.
Nxb6 Qxb3 22. axb3 Rad8 23. Rxd6 Bc6 24. Rxd8 Rxd8 25. Bxc6 bxc6 26. Rxc6 Bd4
27. Nf3 Bg7 28. Kf1 Bf8 29. Rc8 Rd1+ 30. Ke2 Rd6 31. Nc4 Re6+ 32. Kf1 Kg7 33.
Ng5 Re7 34. Nxh7 Kxh7 35. Rxf8 Kg7 36. Ra8 Nc5 37. b4 Nd3 38. b5 Re1+ 39. Kg2
Rb1 40. Na3 Rb2 41. Kf3 Nc5 42. Ke3 Rb4 43. Kd2 Rb2+ 44. Kc3 Rxf2 45. Kb4 Ne6
46. Nc4 Nc7 47. Ra7 Nd5+ 48. Kc5 Nf6 49. b6 Rf5+ 50. Kc6 Nd5 51. b7 Nb4+ 52.
Kd7 Rb5 53. Nd6 Rb6 54. Ra8 1-0

[Event "13. Hogeschool Zeeland Tournament"]
[Site "Vlissingen NED"]
[Date "2009.08.05"]
[Round "6.44"]
[White "Koreman, Eric"]
[Black "Kahn, Michel"]
[Result "0-1"]
[WhiteElo "1857"]
[BlackElo "2139"]
[PlyCount "70"]
[EventDate "2009.08.01"]
[EventType "swiss"]
[EventRounds "9"]
[EventCountry "NED"]
[Source "lmi"]
[SourceDate "2009.08.01"]

1. d4 Nf6 2. c4 g6 3. Nc3 d5 4. Bf4 Bg7 5. e3 c5 6. dxc5 Be6 7. Nf3 Nc6 8. Qa4
dxc4 9. Bxc4 Bxc4 10. Qxc4 Nh5 11. O-O Nxf4 12. exf4 Qa5 13. Rfe1 Bxc3 14. bxc3
O-O 15. Nd4 Rac8 16. f5 Qc7 17. fxg6 hxg6 18. Nb3 Kg7 19. Rad1 Rh8 20. h3 Rh5
21. Rd5 Rxd5 22. Qxd5 Rd8 23. Qe4 e5 24. Qc4 Rd7 25. Qh4 Rd5 26. Qc4 Rd7 27.
Qh4 f6 28. Qc4 Nd8 29. f4 Nf7 30. fxe5 Nxe5 31. Qe6 Re7 32. Nd4 Qxc5 33. Kh1
Qa3 34. Qc8 Qxa2 35. Rf1 Qd5 0-1

[Event "13. Hogeschool Zeeland Tournament"]
[Site "Vlissingen NED"]
[Date "2009.08.05"]
[Round "6.45"]
[White "Privitera, Franco"]
[Black "Maas, Joop"]
[Result "1-0"]
[WhiteElo "2131"]
[BlackElo "1800"]
[PlyCount "83"]
[EventDate "2009.08.01"]
[EventType "swiss"]
[EventRounds "9"]
[EventCountry "NED"]
[Source "lmi"]
[SourceDate "2009.08.01"]

1. d4 d5 2. Nf3 Nf6 3. e3 e6 4. Bd3 Bd6 5. Nbd2 b6 6. b3 Bb7 7. Bb2 Nbd7 8. Ne5
c5 9. Qf3 Qc7 10. Qg3 Rg8 11. f4 Bxe5 12. fxe5 Ne4 13. Bxe4 dxe4 14. O-O b5 15.
c4 a6 16. Qh4 f5 17. exf6 Nxf6 18. cxb5 axb5 19. Rfc1 Qa5 20. Bc3 b4 21. Nc4
Qc7 22. Be1 g5 23. Qh3 Bd5 24. Bg3 Qg7 25. Be5 Qg6 26. Nd6+ Ke7 27. Rxc5 Nd7
28. Rc7 Rgf8 29. Nc4 Ra6 30. Qg3 Bxc4 31. Rxc4 Qf5 32. Rxb4 Rxa2 33. Bd6+ Ke8
34. Ra4 Rxa4 35. bxa4 Rf7 36. a5 h5 37. h4 g4 38. a6 Qd5 39. a7 Qa8 40. Bc5 e5
41. Rb1 Rf5 42. dxe5 1-0

[Event "13. Hogeschool Zeeland Tournament"]
[Site "Vlissingen NED"]
[Date "2009.08.05"]
[Round "6.46"]
[White "Camps, Jeroen"]
[Black "Op den Dries, Johan"]
[Result "0-1"]
[WhiteElo "1821"]
[BlackElo "2118"]
[PlyCount "62"]
[EventDate "2009.08.01"]
[EventType "swiss"]
[EventRounds "9"]
[EventCountry "NED"]
[Source "lmi"]
[SourceDate "2009.08.01"]

1. e4 d5 2. Nc3 d4 3. Nce2 c5 4. Ng3 e6 5. Bc4 a6 6. d3 Nc6 7. f4 b5 8. Bb3 Nf6
9. Nf3 Be7 10. O-O Qb6 11. Kh1 h5 12. Ne5 h4 13. Ne2 Nxe5 14. fxe5 Nd7 15. Ng1
Nxe5 16. Bf4 Ng6 17. Qf3 e5 18. Bxf7+ Kxf7 19. Bxe5+ Bf6 20. Bxf6 gxf6 21. e5
Bb7 22. e6+ Ke7 23. Qxf6+ Kd6 24. e7+ Kc7 25. Qf7 Rae8 26. Rf6 Ne5 27. Qf8
Rhxf8 28. exf8=Q Rxf8 29. Rxf8 h3 30. Nf3 hxg2+ 31. Kxg2 Bxf3+ 0-1

[Event "13. Hogeschool Zeeland Tournament"]
[Site "Vlissingen NED"]
[Date "2009.08.05"]
[Round "6.47"]
[White "Rosmuller, Anton"]
[Black "Roos, David"]
[Result "1/2-1/2"]
[WhiteElo "2112"]
[BlackElo "1789"]
[PlyCount "127"]
[EventDate "2009.08.01"]
[EventType "swiss"]
[EventRounds "9"]
[EventCountry "NED"]
[Source "lmi"]
[SourceDate "2009.08.01"]

1. c4 e5 2. Nc3 Nf6 3. e3 Nc6 4. a3 d5 5. cxd5 Nxd5 6. Qc2 Be7 7. d3 O-O 8.
Nxd5 Qxd5 9. Nf3 a5 10. b3 Be6 11. Rb1 f5 12. Be2 f4 13. O-O Rad8 14. d4 Bf5
15. Qxf5 Rxf5 16. Bc4 exd4 17. e4 Qxc4 18. bxc4 Rc5 19. Bxf4 Rxc4 20. Rxb7 Bxa3
21. Rxc7 d3 22. Bg5 Rb8 23. Rd7 Rxe4 24. Rxd3 Bb2 25. Bc1 a4 26. Bxb2 Rxb2 27.
Rc3 Ne7 28. g3 h6 29. Ra3 Nd5 30. Rd1 Nb6 31. Nd4 Kf7 32. Nf5 Reb4 33. Rf3 Rb1
34. Rxb1 Rxb1+ 35. Kg2 Rb3 36. Nd4+ Rxf3 37. Kxf3 a3 38. Ke4 a2 39. Nc2 Nc4 40.
Kd3 Ne5+ 41. Kc3 Ng4 42. Kb2 Kf6 43. Kxa2 Ke5 44. Kb3 Nxf2 45. Kc3 Ng4 46. Kd3
Nxh2 47. Ne3 Nf3 48. Nc4+ Kf5 49. Ne3+ Kg5 50. Ke4 Nh2 51. Kd3 Ng4 52. Nd1 Kf5
53. Ke2 Ne5 54. Kf2 Kg5 55. Kg2 Nc4 56. Kf3 Kf5 57. Nf2 Ne5+ 58. Kg2 Ng4 59.
Nd1 g6 60. Kf3 g5 61. Nc3 h5 62. Nd1 Ne5+ 63. Kg2 Ke4 64. Nf2+ 1/2-1/2

[Event "13. Hogeschool Zeeland Tournament"]
[Site "Vlissingen NED"]
[Date "2009.08.05"]
[Round "6.49"]
[White "Oude Brunink, Elias"]
[Black "Bodicker, Rob"]
[Result "0-1"]
[WhiteElo "1602"]
[BlackElo "2080"]
[PlyCount "116"]
[EventDate "2009.08.01"]
[EventType "swiss"]
[EventRounds "9"]
[EventCountry "NED"]
[Source "lmi"]
[SourceDate "2009.08.01"]

1. e4 e6 2. d4 d5 3. e5 c5 4. c3 Nc6 5. f4 Nh6 6. Nf3 cxd4 7. cxd4 Nf5 8. a3
Qb6 9. Nc3 Nfxd4 10. Nxd4 Qxd4 11. Nb5 Qxd1+ 12. Kxd1 Kd8 13. Be3 Bd7 14. Rc1
f6 15. Nxa7 Nxa7 16. Bb6+ Ke8 17. Rc7 Bc6 18. exf6 gxf6 19. Bd3 Be7 20. Re1 Rc8
21. Rxe6 Rxc7 22. Bxc7 Kd7 23. Bf5 Kxc7 24. Rxe7+ Kb6 25. Rf7 Nb5 26. Rxf6 Nd4
27. Bd3 h5 28. Kd2 Nb3+ 29. Kc2 Nc5 30. Be2 Ne4 31. Rg6 Kc5 32. b4+ Kd4 33. b5
Bd7 34. Rg7 Bf5 35. Kb3 Ke3 36. Bd1 d4 37. a4 d3 38. h3 h4 39. Kb4 Rh7 40. Rxh7
Bxh7 41. a5 Nf2 42. Bf3 Be4 43. a6 bxa6 44. bxa6 d2 45. a7 d1=Q 46. Bxd1 Nxd1
47. f5 Nf2 48. Kc5 Nd3+ 49. Kd6 Nf4 50. f6 Ng6 51. Ke6 Kf4 52. f7 Kg5 53. Kd6
Bxg2 54. Kc5 Kf6 55. Kd4 Kxf7 56. Ke3 Kf6 57. Kf2 Bb7 58. Ke3 Ke5 0-1

[Event "13. Hogeschool Zeeland Tournament"]
[Site "Vlissingen NED"]
[Date "2009.08.05"]
[Round "6.50"]
[White "Kuipers, Stefan"]
[Black "Snikkers, Naomi"]
[Result "1-0"]
[WhiteElo "2324"]
[BlackElo "1818"]
[PlyCount "69"]
[EventDate "2009.08.01"]
[EventType "swiss"]
[EventRounds "9"]
[EventCountry "NED"]
[Source "lmi"]
[SourceDate "2009.08.01"]

1. e4 c5 2. Nf3 d6 3. d4 cxd4 4. Nxd4 Nf6 5. Nc3 g6 6. Be3 Bg7 7. f3 a6 8. Bc4
b5 9. Bb3 Bb7 10. Qd2 h6 11. O-O-O Nbd7 12. Kb1 Qc7 13. h4 Ne5 14. g4 h5 15. g5
Nfd7 16. Qe2 Nb6 17. Nd5 Nxd5 18. Bxd5 Nc4 19. f4 Rc8 20. Bc1 e5 21. f5 exd4
22. f6 Bf8 23. Rxd4 a5 24. b3 Qb6 25. Rhd1 Ne5 26. Be3 Qa6 27. Bxb7 Qxb7 28.
Rd5 Rb8 29. Bf4 Qc7 30. Qd2 Nc4 31. bxc4 bxc4+ 32. Ka1 c3 33. Qd3 Rb6 34. Rb5
Rc6 35. Rdb1 1-0

[Event "13. Hogeschool Zeeland Tournament"]
[Site "Vlissingen NED"]
[Date "2009.08.04"]
[Round "5.1"]
[White "Rajesh, V A V."]
[Black "Beliavsky, Alexander G"]
[Result "1/2-1/2"]
[WhiteElo "2249"]
[BlackElo "2662"]
[PlyCount "112"]
[EventDate "2009.08.01"]
[EventType "swiss"]
[EventRounds "9"]
[EventCountry "NED"]
[Source "lmi"]
[SourceDate "2009.08.01"]

1. d4 f5 2. g3 Nf6 3. Bg2 d6 4. c4 g6 5. Nc3 Bg7 6. Nf3 O-O 7. O-O Qe8 8. Re1
e5 9. dxe5 dxe5 10. e4 fxe4 11. Ng5 Nc6 12. Be3 Bg4 13. Qb3 b6 14. Nd5 Na5 15.
Qc3 Rd8 16. Nxf6+ Bxf6 17. Nxe4 Bg7 18. Bg5 Rc8 19. c5 Qe6 20. b4 Nc6 21. Be3
Nd4 22. Ng5 Qf6 23. Qc4+ Kh8 24. h3 Bd7 25. a4 Rce8 26. Ne4 Qd8 27. Ng5 Qf6 28.
Ne4 Qe7 29. Bg5 Qe6 30. Qxe6 Bxe6 31. Rac1 b5 32. axb5 Nxb5 33. Ra1 Rb8 34. Be3
Rfe8 35. c6 Bf8 36. Nc5 Bf5 37. Bg5 Bg7 38. Nd7 Ra8 39. Ra5 Nd4 40. Bf6 Bxf6
41. Nxf6 Rf8 42. Nd7 Bxd7 43. cxd7 Rad8 44. Rxa7 Rxd7 45. Rxe5 Nf3+ 46. Bxf3
Rxf3 47. Rc5 Rb3 48. b5 Rb2 49. g4 Rf7 50. Rcxc7 Rxc7 51. Rxc7 Rxb5 52. Kg2 Kg8
53. Kg3 h5 54. f4 hxg4 55. Kxg4 Kf8 56. h4 Ra5 1/2-1/2

[Event "13. Hogeschool Zeeland Tournament"]
[Site "Vlissingen NED"]
[Date "2009.08.06"]
[Round "7.1"]
[White "Krasenkow, Michal"]
[Black "Adhiban, Baskaran"]
[Result "1-0"]
[WhiteElo "2631"]
[BlackElo "2481"]
[PlyCount "97"]
[EventDate "2009.08.01"]
[EventType "swiss"]
[EventRounds "9"]
[EventCountry "NED"]
[Source "lmi"]
[SourceDate "2009.08.01"]

1. d4 d5 2. c4 c6 3. Nf3 Nf6 4. Qb3 e6 5. g3 dxc4 6. Qxc4 b5 7. Qd3 Bb7 8. Bg2
Nbd7 9. O-O a6 10. Nfd2 Qb6 11. a4 Be7 12. axb5 axb5 13. Rxa8+ Bxa8 14. Nb3 O-O
15. Be3 Nd5 16. Rc1 b4 17. N1d2 Qb5 18. Qxb5 cxb5 19. Na5 N7b6 20. Nc6 Bf6 21.
Bxd5 Nxd5 22. Ne4 Rc8 23. Nxf6+ gxf6 24. Na7 Rxc1+ 25. Bxc1 f5 26. Nxb5 Kf8 27.
Nd6 Ke7 28. Nc4 Bc6 29. Kf1 Bb5 30. Na5 f6 31. Bf4 Kd7 32. Ke1 Nb6 33. Bd2 Nd5
34. f3 e5 35. e4 fxe4 36. fxe4 Nb6 37. dxe5 fxe5 38. Bxb4 Bd3 39. Nb7 Kc6 40.
Nc5 Bb1 41. Kd2 Kb5 42. Ba3 Nc4+ 43. Kc1 Ba2 44. Nd7 Kc6 45. Nf6 Ne3 46. g4 Bf7
47. h4 h6 48. h5 Be6 49. g5 1-0

[Event "13. Hogeschool Zeeland Tournament"]
[Site "Vlissingen NED"]
[Date "2009.08.06"]
[Round "7.2"]
[White "Hoffmann, Michael"]
[Black "Khairullin, Ildar"]
[Result "1/2-1/2"]
[WhiteElo "2502"]
[BlackElo "2602"]
[PlyCount "30"]
[EventDate "2009.08.01"]
[EventType "swiss"]
[EventRounds "9"]
[EventCountry "NED"]
[Source "lmi"]
[SourceDate "2009.08.01"]

1. d4 Nf6 2. c4 e6 3. g3 d5 4. Nf3 Bb4+ 5. Bd2 Be7 6. Bg2 O-O 7. O-O Nbd7 8.
Qc2 c6 9. Rd1 a5 10. Bf4 b5 11. Ne5 Bb7 12. cxb5 cxb5 13. Nc6 Qe8 14. Nxe7+
Qxe7 15. Nd2 Rfc8 1/2-1/2

[Event "13. Hogeschool Zeeland Tournament"]
[Site "Vlissingen NED"]
[Date "2009.08.06"]
[Round "7.3"]
[White "Vovk, Yuri"]
[Black "Ikonnikov, Vyacheslav"]
[Result "1/2-1/2"]
[WhiteElo "2567"]
[BlackElo "2556"]
[PlyCount "87"]
[EventDate "2009.08.01"]
[EventType "swiss"]
[EventRounds "9"]
[EventCountry "NED"]
[Source "lmi"]
[SourceDate "2009.08.01"]

1. d4 Nf6 2. c4 e6 3. Nf3 Bb4+ 4. Nbd2 d6 5. g3 O-O 6. Bg2 Re8 7. O-O e5 8. Nb3
e4 9. Ng5 d5 10. c5 c6 11. f3 h6 12. Nh3 exf3 13. exf3 Bf5 14. Nf2 Nbd7 15. Bf4
Ba5 16. Nxa5 Qxa5 17. Re1 b6 18. Bd2 Qb5 19. b4 Qc4 20. Rxe8+ Rxe8 21. Be1 Bc2
22. Qd2 Re2 23. Qc3 b5 24. Rc1 Bg6 25. a3 Qxc3 26. Bxc3 Ra2 27. Ra1 Rxa1+ 28.
Bxa1 Nf8 29. Kf1 Ne6 30. Ke2 Kf8 31. Ke3 Ng8 32. h4 Ne7 33. g4 Bb1 34. h5 f5
35. Bf1 Kf7 36. Nd1 a6 37. Nf2 Kf6 38. Bc3 Ba2 39. Nd3 Bc4 40. Kf2 Bxd3 41.
Bxd3 f4 42. Bd2 Kg5 43. Bc3 Kf6 44. Bd2 1/2-1/2

[Event "13. Hogeschool Zeeland Tournament"]
[Site "Vlissingen NED"]
[Date "2009.08.06"]
[Round "7.4"]
[White "Nijboer, Friso"]
[Black "Bosboom, Manuel"]
[Result "1-0"]
[WhiteElo "2552"]
[BlackElo "2444"]
[PlyCount "137"]
[EventDate "2009.08.01"]
[EventType "swiss"]
[EventRounds "9"]
[EventCountry "NED"]
[Source "lmi"]
[SourceDate "2009.08.01"]

1. e4 g6 2. d4 Bg7 3. Nc3 c6 4. Nf3 d5 5. h3 b5 6. a3 a6 7. Bf4 dxe4 8. Nxe4
Bf5 9. Ng3 Be6 10. Be2 Nf6 11. O-O Nbd7 12. Ng5 Bd5 13. b3 h6 14. Nf3 Bxf3 15.
Bxf3 Nd5 16. Bxd5 cxd5 17. Qd2 h5 18. a4 O-O 19. axb5 axb5 20. Qb4 Rxa1 21.
Rxa1 e5 22. dxe5 Nxe5 23. Re1 Qh4 24. Qd2 Nc6 25. Rd1 Re8 26. Be3 Be5 27. Qxd5
Rd8 28. Qf3 Rxd1+ 29. Qxd1 Bxg3 30. Qf3 Bd6 31. Qxc6 Qf6 32. Kf1 Qa1+ 33. Ke2
Qe5 34. f4 Qe7 35. Kf3 b4 36. Qa8+ Kh7 37. Bd4 f6 38. Qa7 Qxa7 39. Bxa7 f5 40.
Bd4 Kg8 41. c3 bxc3 42. Bxc3 Kf7 43. Be5 Bc5 44. Bc3 Ke6 45. Ke2 Bd6 46. Bd2
Kd5 47. Kd3 Be7 48. b4 Bd6 49. Kc3 h4 50. Bc1 Bc7 51. Kd3 Bd6 52. b5 Bc5 53.
Be3 Bd6 54. Kc3 Ke4 55. Bd2 Kd5 56. Kb3 Bc5 57. Ka4 Kc4 58. Be1 Be3 59. Bxh4
Bxf4 60. b6 g5 61. Bf2 Kd3 62. Kb5 Ke2 63. Bc5 Kf1 64. g4 fxg4 65. hxg4 Kg2 66.
Kc6 Kf3 67. Bd6 Be3 68. b7 Ba7 69. Kb5 1-0

[Event "13. Hogeschool Zeeland Tournament"]
[Site "Vlissingen NED"]
[Date "2009.08.06"]
[Round "7.6"]
[White "Ernst, Sipke"]
[Black "Michalczak, Thomas"]
[Result "1/2-1/2"]
[WhiteElo "2598"]
[BlackElo "2352"]
[PlyCount "92"]
[EventDate "2009.08.01"]
[EventType "swiss"]
[EventRounds "9"]
[EventCountry "NED"]
[Source "lmi"]
[SourceDate "2009.08.01"]

1. d4 d5 2. c4 e6 3. Nc3 Be7 4. Nf3 Nf6 5. Bg5 h6 6. Bh4 O-O 7. e3 Ne4 8. Bg3
Bb4 9. Qc2 c5 10. Bd3 cxd4 11. exd4 Nxg3 12. hxg3 dxc4 13. Bxc4 Nc6 14. Rd1 Bd7
15. O-O Bxc3 16. bxc3 Rc8 17. Qe4 Nb4 18. Ne5 Bc6 19. Qb1 Nd5 20. Rc1 Qa5 21.
Qd3 Rfd8 22. Rfe1 b5 23. Bb3 Bb7 24. Bc2 f5 25. Bb3 Rd6 26. Ng6 Kh7 27. g4 Rxc3
28. Rxc3 Qxc3 29. Qxc3 Nxc3 30. gxf5 exf5 31. Nf8+ Kh8 32. g4 Bd5 33. gxf5 Bxb3
34. axb3 Kg8 35. Ne6 Kf7 36. Re3 b4 37. Kg2 Rd5 38. Re1 Kf6 39. Ra1 a5 40. Nc5
Kxf5 41. Rxa5 Rxd4 42. Ra8 Rg4+ 43. Kf3 Rf4+ 44. Kg2 Rg4+ 45. Kf3 Rf4+ 46. Kg2
Kg5 1/2-1/2

[Event "13. Hogeschool Zeeland Tournament"]
[Site "Vlissingen NED"]
[Date "2009.08.06"]
[Round "7.7"]
[White "Zelbel, Patrick"]
[Black "Van den Doel, Erik"]
[Result "1/2-1/2"]
[WhiteElo "2348"]
[BlackElo "2590"]
[PlyCount "41"]
[EventDate "2009.08.01"]
[EventType "swiss"]
[EventRounds "9"]
[EventCountry "NED"]
[Source "lmi"]
[SourceDate "2009.08.01"]

1. e4 e5 2. f4 exf4 3. Nf3 Nf6 4. e5 Nh5 5. Be2 d6 6. exd6 Bxd6 7. d4 O-O 8.
O-O Bg4 9. Ne1 Bxe2 10. Qxe2 g6 11. Nd3 Nc6 12. c3 Qh4 13. Nd2 Rae8 14. Qd1 g5
15. Nf3 Qg4 16. Nf2 Qf5 17. Nh3 f6 18. Nfxg5 fxg5 19. Qxh5 Be7 20. Bd2 Qf7 21.
Qxf7+ 1/2-1/2

[Event "13. Hogeschool Zeeland Tournament"]
[Site "Vlissingen NED"]
[Date "2009.08.06"]
[Round "7.8"]
[White "Roobol, Martin"]
[Black "Spoelman, Wouter"]
[Result "0-1"]
[WhiteElo "2342"]
[BlackElo "2546"]
[PlyCount "70"]
[EventDate "2009.08.01"]
[EventType "swiss"]
[EventRounds "9"]
[EventCountry "NED"]
[Source "lmi"]
[SourceDate "2009.08.01"]

1. d4 Nf6 2. c4 e6 3. Nf3 b6 4. g3 Ba6 5. b3 d5 6. cxd5 exd5 7. Bg2 Bb4+ 8. Bd2
Be7 9. O-O O-O 10. Bf4 Bb7 11. Nc3 Na6 12. Rc1 Re8 13. Ne5 h6 14. g4 c5 15. e3
Nc7 16. Bg3 Ne6 17. dxc5 bxc5 18. h3 Bd6 19. Ne2 h5 20. gxh5 Nxh5 21. Nxf7 Kxf7
22. Bxd5 Bxd5 23. Qxd5 Nxg3 24. fxg3+ Kg8 25. Rcd1 Bf8 26. Qh5 Qg5 27. Qf7+ Kh8
28. Qf3 Rad8 29. h4 Qe5 30. Nf4 Nxf4 31. exf4 Qf5 32. Rxd8 Rxd8 33. Rd1 Rd4 34.
Re1 Rd3 35. Re3 c4 0-1

[Event "13. Hogeschool Zeeland Tournament"]
[Site "Vlissingen NED"]
[Date "2009.08.06"]
[Round "7.9"]
[White "Kogan, Arthur"]
[Black "Soumya, Swaminathan"]
[Result "0-1"]
[WhiteElo "2542"]
[BlackElo "2309"]
[PlyCount "84"]
[EventDate "2009.08.01"]
[EventType "swiss"]
[EventRounds "9"]
[EventCountry "NED"]
[Source "lmi"]
[SourceDate "2009.08.01"]

1. Nf3 Nf6 2. c4 c5 3. Nc3 g6 4. d4 Bg7 5. e4 O-O 6. Be2 d6 7. O-O cxd4 8. Nxd4
Nc6 9. Be3 Bd7 10. f3 a5 11. Ndb5 Ne5 12. Qb3 Bc6 13. Rfd1 Ned7 14. c5 dxc5 15.
e5 Ne8 16. e6 fxe6 17. Qxe6+ Kh8 18. Bxc5 Bf6 19. Ne4 Ng7 20. Qh3 Bxe4 21. fxe4
Qc8 22. Ba3 Ne5 23. Qg3 Qc2 24. Nc3 Rad8 25. Qe3 Nc6 26. Kh1 Bd4 27. Qd2 Qxd2
28. Rxd2 Rf2 29. Rad1 Ne6 30. Nb5 Bb6 31. Rxd8+ Nexd8 32. Bc4 Nf7 33. h3 Nfe5
34. Be6 Kg7 35. Bc8 Nc4 36. Bxb7 Ne3 37. Rg1 Ne5 38. Bxe7 Rxb2 39. Nc3 Nd3 40.
Ba6 Nf2+ 41. Kh2 Bc7+ 42. g3 Nfg4+ 0-1

[Event "13. Hogeschool Zeeland Tournament"]
[Site "Vlissingen NED"]
[Date "2009.08.06"]
[Round "7.10"]
[White "Van Dongen, Cor"]
[Black "Vovk, Andrey"]
[Result "0-1"]
[WhiteElo "2342"]
[BlackElo "2506"]
[PlyCount "154"]
[EventDate "2009.08.01"]
[EventType "swiss"]
[EventRounds "9"]
[EventCountry "NED"]
[Source "lmi"]
[SourceDate "2009.08.01"]

1. d4 Nf6 2. c4 g6 3. Nc3 Bg7 4. e4 d6 5. Nf3 O-O 6. h3 e5 7. d5 a5 8. Bg5 Na6
9. g4 Qe8 10. Be2 Nd7 11. Rg1 Kh8 12. Qd2 f6 13. Be3 Qe7 14. h4 f5 15. gxf5
gxf5 16. Bg5 Qf7 17. Bh6 Bxh6 18. Qxh6 Qf6 19. Qh5 Qe7 20. Qg5 Nf6 21. O-O-O
Rg8 22. Qh6 fxe4 23. Nd2 Bg4 24. Ndxe4 Nxe4 25. Bxg4 Nxc3 26. bxc3 Rg6 27. Qe3
Rag8 28. f3 Nc5 29. h5 Rg5 30. h6 Qf8 31. Rgf1 R5g6 32. Rh1 Rf6 33. Rdg1 Rgg6
34. Bh5 Qxh6 35. Qxh6 Rxh6 36. Bg4 Nd3+ 37. Kd2 Rxh1 38. Rxh1 Nf2 39. Rb1 Nxg4
40. fxg4 b6 41. c5 bxc5 42. Rb7 Rf7 43. Ra7 Rf2+ 44. Kd3 Rxa2 45. Rxc7 Rf2 46.
g5 Rf5 47. Rc6 e4+ 48. Kxe4 Re5+ 49. Kf4 Rxd5 50. c4 Rd1 51. Kf5 Rf1+ 52. Ke6
Rf4 53. Rxd6 Rxc4 54. Kf5 Rd4 55. Ra6 Rd8 56. Rxa5 Rf8+ 57. Ke4 Rc8 58. Kd3 c4+
59. Kc3 Kg7 60. Ra7+ Kg6 61. Rb7 Rc5 62. Ra7 Rxg5 63. Kxc4 Re5 64. Kd4 Re6 65.
Ra5 h5 66. Kd3 h4 67. Kd4 h3 68. Ra3 h2 69. Rh3 Re2 70. Kd3 Ra2 71. Rh8 Kg5 72.
Ke3 Kg4 73. Rg8+ Kh3 74. Rh8+ Kg2 75. Rg8+ Kf1 76. Rf8+ Kg1 77. Rg8+ Rg2 0-1

[Event "13. Hogeschool Zeeland Tournament"]
[Site "Vlissingen NED"]
[Date "2009.08.06"]
[Round "7.11"]
[White "Karthikeyan, Pandian"]
[Black "Piasetski, Leon"]
[Result "1-0"]
[WhiteElo "2478"]
[BlackElo "2288"]
[PlyCount "61"]
[EventDate "2009.08.01"]
[EventType "swiss"]
[EventRounds "9"]
[EventCountry "NED"]
[Source "lmi"]
[SourceDate "2009.08.01"]

1. d4 Nf6 2. c4 e6 3. Nf3 c5 4. d5 exd5 5. cxd5 d6 6. Nc3 g6 7. Nd2 Na6 8. e4
Bg7 9. Be2 O-O 10. O-O Re8 11. a3 Nc7 12. Rb1 Qe7 13. Re1 b6 14. h3 h6 15. a4
Nd7 16. Nc4 Ba6 17. Bd2 Bd4 18. Ne3 Bxe2 19. Qxe2 Bxc3 20. Bxc3 Qxe4 21. Qd2
Qf4 22. g3 Qg5 23. Kg2 Rxe3 24. Rxe3 Qxd5+ 25. Qxd5 Nxd5 26. Rd3 Nxc3 27. bxc3
c4 28. Rxd6 Nc5 29. Rb4 Nb7 30. Rd7 Na5 31. Rb5 1-0

[Event "13. Hogeschool Zeeland Tournament"]
[Site "Vlissingen NED"]
[Date "2009.08.06"]
[Round "7.12"]
[White "Zaragatski, Ilja"]
[Black "Van Eijk, Sander"]
[Result "1/2-1/2"]
[WhiteElo "2472"]
[BlackElo "2338"]
[PlyCount "77"]
[EventDate "2009.08.01"]
[EventType "swiss"]
[EventRounds "9"]
[EventCountry "NED"]
[Source "lmi"]
[SourceDate "2009.08.01"]

1. d4 Nf6 2. Nf3 e6 3. g3 b5 4. a4 b4 5. c4 c5 6. Bg2 Bb7 7. d5 exd5 8. Nh4 g6
9. cxd5 d6 10. O-O Bg7 11. Nd2 O-O 12. Nc4 Ba6 13. Qc2 Re8 14. Re1 Bxc4 15.
Qxc4 Nbd7 16. a5 Ne5 17. Qc2 Rb8 18. f4 Neg4 19. e3 Nxe3 20. Rxe3 Rxe3 21. Bxe3
Ng4 22. Bf2 Nxf2 23. Kxf2 Bd4+ 24. Kf1 Qe8 25. Rb1 Qb5+ 26. Qe2 c4 27. Nf3 Qc5
28. Nxd4 Qxd4 29. Rd1 Qc5 30. Rc1 c3 31. bxc3 bxc3 32. Qd3 Rb2 33. Rc2 Rb1+ 34.
Ke2 Qg1 35. Kf3 Rb2 36. Rxc3 Qxg2+ 37. Kg4 Rb8 38. h3 Qf2 39. Rc7 1/2-1/2